000
00293nam a22001097a 4500
082
_a
512.9 DUR'S
100
_a
DURELL, C. V
_9
76812
245
_a
SCHOOL CERTIFICATE ALGEBRA AN INTERMEDIATE VERSION OF A NEW ALGEBRA FOR SCHOOL
260
_a
LONDON
_b
G. BELL
_c
1954
300
_a
V-I
942
_c
BK
999
_c
582136
_d
582136